| 000 | 01535nam a2200277Ia 4500 | ||
|---|---|---|---|
| 999 |
_c41596 _d41596 |
||
| 001 | 8265 | ||
| 003 | GE_BSU | ||
| 005 | 20240424161826.0 | ||
| 008 | 181216s2013||||ge |||||||||||||| ||geo|| | ||
| 020 | _a9789941933639 | ||
| 040 | _cGE_BSU | ||
| 041 | _ageo | ||
| 080 | _a94(479.223) უ-28 | ||
| 100 |
_aუზუნაძე, რევაზ _92427 |
||
| 245 |
_aბათუმი (ისტორია და თანამედროვეობა) / _cრევაზ უზუნაძე, რამაზ სურმანიძე, ნუგზარ ზოსიძე ; რედ. ამირან კახიძე. |
||
| 264 |
_aთბილისი : _bივერიონი, _c2013. |
||
| 300 |
_a221 გვ. : _bილუსტ.; _c30 სმ. |
||
| 500 | _aეძღვნება აჭარის დედასაქართველოსთან დაბრუნების 135 წლისთავს (1878-2013) | ||
| 504 | _aბიბლიოგრაფია : გვ.221-228 | ||
| 546 | _aტექსტი ქართულ, ინგლისურ და რუსულ ენებზე | ||
| 653 | _aბათუმი (ისტორია და თანამედროვეობა) | ||
| 700 |
_aსურმაბიძე, რამაზ _eავტორი _921919 |
||
| 700 |
_aზოსიძე, ნუგზარ _eავტორი _93940 |
||
| 700 |
_aკახიძე, ამირან _eრედაქტორი _921920 |
||
| 942 |
_cBK _2udc |
||